[Event "4NCL Online Division 6"]
[Site "online"]
[Date "2021.01.26"]
[Round "1.21"]
[White "Morris, Simon P"]
[Black "Cooney, Thomas"]
[Result "1/2-1/2"]
[WhiteElo "1916"]
[BlackElo "1568"]
[PlyCount "96"]
[EventDate "2021.01.26"]
[WhiteTeam "Hertford 2"]
[BlackTeam "St Benildus D"]

1. e4 e6 2. Nf3 d5 3. Nc3 Nc6 4. d4 Bb4 5. e5 Nge7 6. Bg5 O-O 7. Bd3 Na5 8. a3
Bxc3+ 9. bxc3 b6 10. h4 c5 11. h5 h6 12. Bh4 Qc7 13. Rh3 cxd4 14. Bxe7 Qxe7 15.
cxd4 Nc4 16. Qc1 Bb7 17. Rg3 Kh8 18. c3 b5 19. Bb1 Rg8 20. Qc2 g6 21. hxg6 fxg6
22. Rxg6 Rxg6 23. Qxg6 Qg7 24. Qxg7+ Kxg7 25. Bd3 a6 26. Ke2 Bc6 27. Nd2 Be8
28. Nb3 Bg6 29. Bxg6 Kxg6 30. Nc5 Kf5 31. a4 Rg8 32. g3 bxa4 33. Rxa4 a5 34.
Nb7 Rb8 35. Nd6+ Nxd6 36. exd6 Ra8 37. Ke3 e5 38. d7 exd4+ 39. Kxd4 Ke6 40.
d8=Q Rxd8 41. Rxa5 h5 42. Ra6+ Kf5 43. Ra5 Ke6 44. Ra6+ Kf5 45. Rh6 Kg5 46. Rh7
Kg6 47. Ra7 Kf5 48. Ra5 Ke6 1/2-1/2

[Event "4NCL Online Division 6"]
[Site "online"]
[Date "2021.01.26"]
[Round "1.23"]
[White "Du Boulay, Andrew"]
[Black "Brady, Fearghal"]
[Result "1/2-1/2"]
[WhiteElo "1761"]
[BlackElo "1499"]
[PlyCount "76"]
[EventDate "2021.01.26"]
[WhiteTeam "Hertford 2"]
[BlackTeam "St Benildus D"]

1. e4 d6 2. d4 Nf6 3. f3 g6 4. c4 Bg7 5. Be3 O-O 6. Nc3 Nbd7 7. Qd2 e5 8. dxe5
Nxe5 9. Bh6 Qe7 10. Bxg7 Kxg7 11. Nd5 Nxd5 12. cxd5 f5 13. Bd3 fxe4 14. Bxe4
Bf5 15. O-O-O Bxe4 16. fxe4 Ng4 17. Qd4+ Qf6 18. Nf3 Qxd4 19. Rxd4 Ne5 20. Nxe5
dxe5 21. Rd2 Rf4 22. Re1 Raf8 23. g3 Rf2 24. Kc2 Rxd2+ 25. Kxd2 Rf2+ 26. Re2
Rxe2+ 27. Kxe2 Kf6 28. Kf3 h5 29. g4 h4 30. h3 g5 31. Ke3 Ke7 32. Kd3 Kd6 33.
Kc4 c6 34. dxc6 Kxc6 35. a4 a5 36. b4 b6 37. Kc3 Kd6 38. Kc4 Kc6 1/2-1/2

[Event "4NCL Online Division 6"]
[Site "online"]
[Date "2021.01.26"]
[Round "1.24"]
[White "Kashanin, Daniil"]
[Black "Rudd, David R"]
[Result "0-1"]
[WhiteElo "1384"]
[BlackElo "1693"]
[PlyCount "76"]
[EventDate "2021.01.26"]
[WhiteTeam "St Benildus D"]
[BlackTeam "Hertford 2"]

1. e4 Nf6 2. Nc3 d5 3. Nxd5 Nxd5 4. exd5 Qxd5 5. d4 Bf5 6. Nf3 Qe4+ 7. Be3 Qxc2
8. Qxc2 Bxc2 9. Rc1 Be4 10. Rxc7 Kd8 11. Rc3 e6 12. Ng5 Bg6 13. Bd3 Bb4 14.
Bxg6 Ke7 15. Be4 Nc6 16. O-O Bxc3 17. bxc3 h6 18. Nf3 Rac8 19. Re1 Rhd8 20. c4
b6 21. d5 exd5 22. Bxd5 Kf8 23. Bc1 Kg8 24. Ne5 Nxe5 25. Rxe5 Re8 26. Rxe8+
Rxe8 27. Be3 Rc8 28. Kf1 Kf8 29. Ke2 Ke7 30. Kf3 f6 31. Kf4 g6 32. g4 Kf8 33.
Kg3 Kg7 34. h4 Rd8 35. h5 g5 36. Kf3 Rd7 37. Ke4 Re7+ 38. Kf5 Re5# 0-1

[Event "4NCL Online Division 6"]
[Site "online"]
[Date "2021.01.26"]
[Round "1.31"]
[White "Hart-Davis, Adam"]
[Black "McBeath, Joel"]
[Result "0-1"]
[WhiteElo "1728"]
[BlackElo "1638"]
[PlyCount "94"]
[EventDate "2021.01.26"]
[WhiteTeam "Plymouth 2"]
[BlackTeam "Ashton 1"]

1. e4 e5 2. Bc4 Nf6 3. d3 c6 4. f4 d5 5. exd5 cxd5 6. Bb5+ Bd7 7. Bxd7+ Nbxd7
8. Nf3 Bd6 9. O-O O-O 10. fxe5 Nxe5 11. Bg5 h6 12. Bh4 Qb6+ 13. d4 Nxf3+ 14.
Rxf3 Ne4 15. Rb3 Qc7 16. Rh3 Rfe8 17. Nd2 Bf4 18. Nf1 Re6 19. c3 Rae8 20. Qd3
g5 21. Bg3 Nxg3 22. Nxg3 Re3 23. Qf1 Bxg3 24. Rxg3 Re2 25. b3 Qe7 26. h4 f6 27.
Qf5 Qe4 28. Qxe4 R8xe4 29. hxg5 hxg5 30. Kf1 Rb2 31. Re1 Rxe1+ 32. Kxe1 Rxa2
33. Rf3 Kf7 34. Kf1 b5 35. b4 a5 36. bxa5 Rxa5 37. Rf5 Ke6 38. g4 Ra3 39. Rf3
b4 40. Ke2 Rxc3 41. Rxc3 bxc3 42. Kd3 f5 43. Kxc3 fxg4 44. Kd3 Kf5 45. Ke3 g3
46. Kf3 g2 47. Kxg2 Ke4 0-1

[Event "4NCL Online Division 6"]
[Site "online"]
[Date "2021.01.26"]
[Round "1.32"]
[White "Acharya, Kandara"]
[Black "Wood, Paul E"]
[Result "1/2-1/2"]
[WhiteElo "1654"]
[BlackElo "1588"]
[PlyCount "116"]
[EventDate "2021.01.26"]
[WhiteTeam "Ashton 1"]
[BlackTeam "Plymouth 2"]

1. e4 c6 2. d4 d5 3. Nc3 dxe4 4. Nxe4 Bf5 5. Ng3 Bg6 6. h4 h6 7. h5 Bh7 8. Nf3
Nf6 9. Bd3 Nbd7 10. Be3 e6 11. O-O Bd6 12. Bxh7 Nxh7 13. Ne4 Qc7 14. c4 Nhf6
15. Nxd6+ Qxd6 16. c5 Qc7 17. Nh2 Nd5 18. Qg4 O-O-O 19. a4 Rhg8 20. Rfb1 N7f6
21. Qe2 Nxe3 22. fxe3 Rd5 23. Ng4 Nxg4 24. Qxg4 Rg5 25. Qf3 g6 26. hxg6 R8xg6
27. Rf1 Rg3 28. Qf2 Rh3 29. Qf4 Qxf4 30. exf4 Rd3 31. Rad1 Rgg3 32. Kf2 Kd7 33.
Ke2 Rxd1 34. Kxd1 Rxg2 35. b4 Ra2 36. a5 Ra1+ 37. Ke2 Rxf1 38. Kxf1 Kc7 39. Kg2
b6 40. a6 bxc5 41. bxc5 Kd7 42. Kg3 Ke7 43. Kg4 Kf6 44. Kh5 Kf5 45. Kxh6 Kxf4
46. Kg7 f5 47. Kf6 Ke4 48. Kxe6 f4 49. d5 cxd5 50. c6 f3 51. c7 f2 52. c8=Q
f1=Q 53. Qc2+ Kd4 54. Qd2+ Kc5 55. Qxd5+ Kb6 56. Qb7+ Ka5 57. Qxa7 Qxa6+ 58.
Qxa6+ Kxa6 1/2-1/2

[Event "4NCL Online Division 6"]
[Site "online"]
[Date "2021.01.26"]
[Round "1.33"]
[White "Tatam, Anthony"]
[Black "Supatan, Denzel"]
[Result "1/2-1/2"]
[WhiteElo "1526"]
[BlackElo "1632"]
[PlyCount "80"]
[EventDate "2021.01.26"]
[WhiteTeam "Plymouth 2"]
[BlackTeam "Ashton 1"]

1. d4 e6 2. e4 d5 3. exd5 exd5 4. Nf3 Nf6 5. Bd3 Bd6 6. O-O O-O 7. h3 h6 8. Re1
Be6 9. Nbd2 Nbd7 10. c4 c6 11. c5 Bc7 12. b4 Re8 13. b5 Rb8 14. a4 a6 15. b6
Bf4 16. Bb2 Nf8 17. a5 Ng6 18. Qc2 Nf8 19. Re2 Qd7 20. Ne5 Bxe5 21. Rxe5 Kh8
22. Rae1 Rbd8 23. Nf3 Qc8 24. R5e3 N8d7 25. Nh2 Ng8 26. f4 Ndf6 27. Nf3 Ne7 28.
Ne5 Bf5 29. Nxf7+ Kg8 30. Nxd8 Bxd3 31. Qxd3 Qxd8 32. Qe2 Ne4 33. Qf3 Nf5 34.
R3e2 Qf6 35. Ba1 Nxd4 36. Bxd4 Qxd4+ 37. Qe3 Qf6 38. Rf1 Qg6 39. Kh2 Qf6 40. g3
Kf8 1/2-1/2

[Event "4NCL Online Division 6"]
[Site "online"]
[Date "2021.01.26"]
[Round "1.34"]
[White "Newton, Ben"]
[Black "Caleshu, Caleb"]
[Result "0-1"]
[WhiteElo "1664"]
[BlackElo "1505"]
[PlyCount "118"]
[EventDate "2021.01.26"]
[WhiteTeam "Ashton 1"]
[BlackTeam "Plymouth 2"]

1. e4 e5 2. Nf3 Nc6 3. d4 exd4 4. Nxd4 Nf6 5. Nc3 Bb4 6. Nxc6 bxc6 7. Bd3 O-O
8. Bg5 h6 9. Bh4 Be7 10. e5 Nd5 11. Bxe7 Nxe7 12. O-O d5 13. exd6 cxd6 14. Ne4
d5 15. Nc5 Qb6 16. Nb3 c5 17. Nd2 Qxb2 18. Qf3 c4 19. Bxc4 Qxc2 20. Bxd5 Nxd5
21. Qxd5 Be6 22. Qa5 Rfd8 23. Nb3 Bxb3 24. axb3 Qxb3 25. h3 Qd5 26. Qxd5 Rxd5
27. Rfd1 Rxd1+ 28. Rxd1 a5 29. Rd3 a4 30. Ra3 Kh7 31. g4 Kg6 32. f4 f5 33. Kg2
h5 34. Kg3 hxg4 35. hxg4 fxg4 36. Kxg4 Ra5 37. Kg3 Kf5 38. Kf3 g6 39. Ke3 Ke6
40. Ke4 Kd6 41. Kd4 Kc6 42. Rg3 Rd5+ 43. Kc4 Rd6 44. Rc3 Kb6 45. Rc2 Rc6+ 46.
Kd3 Rxc2 47. Kxc2 Kc5 48. Kc3 Kd5 49. Kd3 a3 50. Kc3 Ke4 51. f5 gxf5 52. Kb3 f4
53. Kxa3 f3 54. Kb2 f2 55. Kc2 f1=Q 56. Kd2 Qd3+ 57. Ke1 Qc2 58. Kf1 Kf3 59.
Kg1 Qg2# 0-1

[Event "4NCL Online Division 6"]
[Site "online"]
[Date "2021.01.26"]
[Round "1.41"]
[White "Gardiner, Harry"]
[Black "Doubleday, Peter"]
[Result "1-0"]
[WhiteElo "1651"]
[BlackElo "1420"]
[PlyCount "83"]
[EventDate "2021.01.26"]
[WhiteTeam "Crewe BOL"]
[BlackTeam "Cornish Wreckers"]

1. Nf3 c6 2. d4 Nf6 3. c4 d5 4. Nc3 dxc4 5. a4 Bf5 6. e3 e6 7. Bxc4 Bb4 8. O-O
Nbd7 9. Qe2 O-O 10. Rd1 h6 11. Ne5 Qc7 12. e4 Bh7 13. Bf4 Bxc3 14. Nxd7 Qxd7
15. bxc3 Nxe4 16. Bd3 Nf6 17. Bxh7+ Kxh7 18. Be5 Ne8 19. Rd3 Qe7 20. Rh3 f6 21.
Bf4 g5 22. Bc1 Qf7 23. f4 Rg8 24. fxg5 fxg5 25. Bd2 Qg6 26. Rf1 Nd6 27. Qe5 Ne4
28. Bc1 Raf8 29. Rxf8 Rxf8 30. Re3 Qf5 31. Qxe4 Qxe4 32. Rxe4 Rf6 33. Re3 Kg6
34. Rf3 Rxf3 35. gxf3 Kf5 36. Kf2 e5 37. dxe5 Kxe5 38. h4 Kf5 39. hxg5 hxg5 40.
Ke3 g4 41. fxg4+ Kxg4 42. Ke4 1-0

[Event "4NCL Online Division 6"]
[Site "online"]
[Date "2021.01.26"]
[Round "1.42"]
[White "Renshaw, Ian"]
[Black "Michalek, Lukasz"]
[Result "1/2-1/2"]
[WhiteElo "1478"]
[BlackElo "1599"]
[PlyCount "84"]
[EventDate "2021.01.26"]
[WhiteTeam "Cornish Wreckers"]
[BlackTeam "Crewe BOL"]

1. c4 f5 2. Nc3 Nf6 3. g3 e6 4. Bg2 Bb4 5. e3 Nc6 6. Nge2 b6 7. a3 Bd6 8. O-O
Bb7 9. b4 O-O 10. Bb2 Qe7 11. Nb5 a5 12. Nxd6 Qxd6 13. b5 Nd8 14. Bxb7 Nxb7 15.
a4 c5 16. bxc6 Qxc6 17. d3 Nc5 18. Nd4 Qd6 19. Ba3 Rac8 20. Nb5 Qxd3 21. Qxd3
Nxd3 22. Bxf8 Kxf8 23. Rfd1 Nb2 24. Nd6 Rc6 25. Rd2 Nxc4 26. Nxc4 Rxc4 27. Raa2
Ke7 28. Rdc2 Rb4 29. Rcb2 Nd5 30. Rxb4 Nxb4 31. Rb2 d5 32. f4 h6 33. Kg2 g5 34.
fxg5 hxg5 35. Rb1 g4 36. h3 gxh3+ 37. Kxh3 Kd6 38. Kg2 Ke5 39. Kf3 Kf6 40. Rh1
Ke5 41. Rh7 Kd6 42. Rb7 Kc6 1/2-1/2

[Event "4NCL Online Division 6"]
[Site "online"]
[Date "2021.01.26"]
[Round "1.43"]
[White "Nienaber, Kobus"]
[Black "Jenkins-Jones, Gethin"]
[Result "1-0"]
[WhiteElo "1472"]
[BlackElo "1375"]
[PlyCount "55"]
[EventDate "2021.01.26"]
[WhiteTeam "Crewe BOL"]
[BlackTeam "Cornish Wreckers"]

1. d4 Nf6 2. Nc3 d5 3. Bf4 e6 4. Nf3 Bb4 5. a3 Bxc3+ 6. bxc3 O-O 7. e3 h6 8. c4
b6 9. cxd5 exd5 10. Ne5 Re8 11. Bb5 Bd7 12. Nxd7 Nbxd7 13. O-O a6 14. Bc6 Rb8
15. Qf3 Nf8 16. Bxe8 Nxe8 17. Qg3 Ng6 18. Rfe1 Nxf4 19. exf4 Nd6 20. Qd3 Nc4
21. Re2 Qd6 22. Rae1 Rf8 23. Re8 b5 24. g3 Nxa3 25. Qf5 g6 26. Qc8 a5 27. Rxf8+
Qxf8 28. Re8 1-0

[Event "4NCL Online Division 6"]
[Site "online"]
[Date "2021.01.26"]
[Round "1.44"]
[White "Thomas, Fabian"]
[Black "Fields, Adam"]
[Result "0-1"]
[WhiteElo "1250"]
[BlackElo "1468"]
[PlyCount "80"]
[EventDate "2021.01.26"]
[WhiteTeam "Cornish Wreckers"]
[BlackTeam "Crewe BOL"]

1. d4 Nf6 2. c4 g6 3. Nc3 Bg7 4. Nf3 O-O 5. e3 d6 6. Be2 Bg4 7. h3 Bf5 8. Nh4
Bd7 9. Nf3 c5 10. O-O Nc6 11. a3 Qc7 12. Qc2 Rfe8 13. Bd2 a6 14. d5 Nd8 15. e4
e5 16. b3 Nh5 17. Nh2 Nf4 18. Bxf4 exf4 19. Qd2 f5 20. Qxf4 Bxc3 21. Rad1 Rxe4
22. Qf3 Bd4 23. Bd3 Re7 24. Rfe1 Rxe1+ 25. Rxe1 Nf7 26. Re7 Ne5 27. Qe2 Qd8 28.
Rxe5 Bxe5 29. Nf3 Bf6 30. Qd2 Kg7 31. Kh2 Qe7 32. g3 Re8 33. h4 Be5 34. Ng5 Rf8
35. f4 Bf6 36. Kg2 Re8 37. Kf3 Bxg5 38. hxg5 Qe1 39. Qb2+ Kg8 40. Kg2 Re3 0-1

[Event "4NCL Online Division 6"]
[Site "online"]
[Date "2021.01.26"]
[Round "1.51"]
[White "Tait, Bill"]
[Black "Shaughnessy, Phillip"]
[Result "0-1"]
[WhiteElo "1707"]
[BlackElo "1484"]
[PlyCount "126"]
[EventDate "2021.01.26"]
[WhiteTeam "Bradford DCA Knights C"]
[BlackTeam "Ashton 2"]

1. e4 e5 2. Nc3 Nf6 3. Bc4 Bc5 4. h3 O-O 5. Nf3 Nc6 6. d3 d6 7. a3 Be6 8. Ba2
Qd7 9. Be3 Bxe3 10. fxe3 d5 11. exd5 Nxd5 12. Bxd5 Bxd5 13. e4 Be6 14. O-O f5
15. exf5 Rxf5 16. Qe2 Rh5 17. Rf2 Rf8 18. Ne4 Bxh3 19. gxh3 Qxh3 20. Nh2 Nd4
21. Rxf8+ Kxf8 22. Qf1+ Nf5 23. Qxh3 Rxh3 24. Rf1 g6 25. Kg2 Re3 26. Ng4 Re2+
27. Rf2 Rxf2+ 28. Kxf2 Nd4 29. c3 Nc6 30. Nc5 h5 31. Ne3 b6 32. Ne6+ Kf7 33.
Nxc7 h4 34. Nb5 Ke6 35. Nc7+ Kf6 36. Ncd5+ Kg5 37. Kg2 Na5 38. Nc4 Nxc4 39.
dxc4 e4 40. b4 Kf5 41. Ne3+ Ke5 42. Kh3 g5 43. Kg4 Kf6 44. c5 bxc5 45. bxc5 a5
46. a4 Ke6 47. c4 Kd7 48. Kf5 h3 49. Ng4 e3 50. Nxe3 h2 51. Kxg5 h1=Q 52. Nd5
Qg2+ 53. Kf5 Qf3+ 54. Ke5 Qe2+ 55. Kf6 Qe6+ 56. Kg5 Qc6 57. Nb6+ Kc7 58. Nd5+
Kb7 59. Kf4 Qxc5 60. Ke5 Qxc4 61. Ne7 Qxa4 62. Kd6 Qb4+ 63. Ke6 Qxe7+ 0-1

[Event "4NCL Online Division 6"]
[Site "online"]
[Date "2021.01.26"]
[Round "1.52"]
[White "Mundy, Jack"]
[Black "Redmond, Nigel"]
[Result "0-1"]
[WhiteElo "1496"]
[BlackElo "1600"]
[PlyCount "66"]
[EventDate "2021.01.26"]
[WhiteTeam "Ashton 2"]
[BlackTeam "Bradford DCA Knights C"]

1. e4 d5 2. exd5 Nf6 3. d4 Bg4 4. Bb5+ Nbd7 5. f3 Bf5 6. Nc3 a6 7. Ba4 b5 8.
Bb3 Nb6 9. a4 b4 10. Nce2 a5 11. Ng3 Bg6 12. N1e2 Nbxd5 13. Nf4 Nxf4 14. Bxf4
e6 15. Qe2 Bd6 16. Be5 O-O 17. Rd1 Nd5 18. O-O Qh4 19. Bxd6 cxd6 20. Bxd5 exd5
21. Rc1 Qxd4+ 22. Kh1 Qxb2 23. Qb5 Rfc8 24. Qxd5 Qe5 25. Qb7 Rab8 26. Qa7 Ra8
27. Qb7 Re8 28. Ne4 d5 29. Nc5 Qd6 30. Nd7 Bf5 31. Rce1 Qxd7 32. Rxe8+ Rxe8 33.
Qa6 Qxa4 0-1

[Event "4NCL Online Division 6"]
[Site "online"]
[Date "2021.01.26"]
[Round "1.53"]
[White "Gallagher, Dominic"]
[Black "Rogers, Max"]
[Result "1-0"]
[WhiteElo "1590"]
[BlackElo "1549"]
[PlyCount "127"]
[EventDate "2021.01.26"]
[WhiteTeam "Bradford DCA Knights C"]
[BlackTeam "Ashton 2"]

1. d4 d6 2. Bf4 Nc6 3. e3 e5 4. dxe5 dxe5 5. Qxd8+ Kxd8 6. Bg3 Bf5 7. c3 Kd7 8.
Bb5 Bd6 9. Nf3 e4 10. Nd4 Nge7 11. Nd2 Bg6 12. O-O-O Rad8 13. Nc4 Kc8 14. Nxd6+
cxd6 15. Nxc6 bxc6 16. Ba6+ Kc7 17. Rd4 Nf5 18. Rb4 Rb8 19. Rxb8 Rxb8 20. Bf4
Ne7 21. Bc4 Kd7 22. Rd1 Nc8 23. Ba6 Bh5 24. Bxc8+ Kxc8 25. Rxd6 Rb7 26. Rxc6+
Kd7 27. Rd6+ Ke7 28. Rd4 f6 29. Rxe4+ Kf8 30. Rd4 Bf7 31. a3 Ke7 32. Bd6+ Ke6
33. Bb4 Kf5 34. f3 Rb6 35. h4 Re6 36. g4+ Kg6 37. e4 Be8 38. Kd2 h5 39. Rd6
Rxd6+ 40. Bxd6 Bd7 41. gxh5+ Kxh5 42. Bg3 Bh3 43. Ke3 g5 44. hxg5 fxg5 45. c4
Kg6 46. Be5 Be6 47. c5 Bd7 48. b4 Kf7 49. Kd4 Ke6 50. Bg7 a6 51. Bh6 Kf6 52.
Bf8 Kg6 53. Ke5 Kh5 54. Kd6 Bb5 55. c6 Bxc6 56. Kxc6 Kh4 57. Be7 Kg3 58. Bxg5
Kxf3 59. e5 Kg4 60. Kd6 Kxg5 61. e6 Kg6 62. Kd7 Kf6 63. e7 Kf7 64. Kd8 1-0

[Event "4NCL Online Division 6"]
[Site "online"]
[Date "2021.01.26"]
[Round "1.61"]
[White "Lampard, Alice"]
[Black "Chapman, Chas"]
[Result "1-0"]
[WhiteElo "1962"]
[BlackElo "1566"]
[PlyCount "81"]
[EventDate "2021.01.26"]
[WhiteTeam "Wells Globetrotters"]
[BlackTeam "War & Piece 2"]

1. d4 Nf6 2. c4 e6 3. Nc3 d5 4. cxd5 exd5 5. Qc2 c6 6. Bg5 Be7 7. e3 O-O 8. Nf3
Be6 9. Bd3 h6 10. Bh4 c5 11. dxc5 Bxc5 12. O-O Nbd7 13. Rac1 Qe7 14. Rfd1 Rac8
15. Qe2 a6 16. Bb1 g5 17. Bg3 Bd6 18. Nd4 Bg4 19. f3 Be6 20. Qd3 Be5 21. Nce2
Bxg3 22. Nxg3 Ne5 23. Qe2 Rc4 24. Ndf5 Bxf5 25. Nxf5 Qc7 26. Nxh6+ Kh8 27. Rxc4
dxc4 28. f4 gxf4 29. exf4 Ned7 30. Qe7 Qc5+ 31. Qxc5 Nxc5 32. Rc1 b5 33. b3 Nd3
34. Bxd3 cxd3 35. Rd1 Kh7 36. Nf5 Rd8 37. h3 Rd5 38. Ne3 Rd4 39. g3 Nd5 40. Nf5
Ne3 41. Nxe3 1-0

[Event "4NCL Online Division 6"]
[Site "online"]
[Date "2021.01.26"]
[Round "1.62"]
[White "Thomas, Jacob"]
[Black "Strong, Chris M"]
[Result "1-0"]
[WhiteElo "1452"]
[BlackElo "1776"]
[PlyCount "55"]
[EventDate "2021.01.26"]
[WhiteTeam "War & Piece 2"]
[BlackTeam "Wells Globetrotters"]

1. e4 c5 2. Nf3 d6 3. d4 cxd4 4. Nxd4 Nf6 5. Nc3 g6 6. Be3 Bg7 7. Bc4 Nc6 8. f3
Bd7 9. Qd2 O-O 10. O-O-O Qa5 11. g4 Rfc8 12. Bb3 Ne5 13. Nd5 Qxd2+ 14. Bxd2 Kf8
15. h4 Nc4 16. Ne3 h5 17. Nxc4 hxg4 18. e5 Nh5 19. fxg4 Bxg4 20. Rde1 dxe5 21.
Nxe5 Bxe5 22. Rxe5 e6 23. Rg1 Nf6 24. Bg5 Kg7 25. Rb5 Bh5 26. Rxb7 Nd5 27.
Nxe6+ Kg8 28. Bxd5 1-0

[Event "4NCL Online Division 6"]
[Site "online"]
[Date "2021.01.26"]
[Round "1.63"]
[White "Goatcher, Matthew W"]
[Black "O'Neill, Stephen G"]
[Result "1-0"]
[WhiteElo "1676"]
[BlackElo "1423"]
[PlyCount "69"]
[EventDate "2021.01.26"]
[WhiteTeam "Wells Globetrotters"]
[BlackTeam "War & Piece 2"]

1. c4 g6 2. g3 c6 3. Bg2 Nf6 4. Nc3 d5 5. cxd5 Nxd5 6. Nf3 Bg4 7. O-O Bg7 8. a3
O-O 9. d4 Qa5 10. Nxd5 Qxd5 11. Ne5 Qe6 12. Nxg4 Qxg4 13. e3 Qxd1 14. Rxd1 Rd8
15. b4 Rd7 16. Bb2 a5 17. Bc3 a4 18. Rac1 b6 19. Ba1 Rd6 20. b5 Ra7 21. bxc6
Rc7 22. d5 f5 23. Bxg7 Kxg7 24. Rb1 e6 25. dxe6 Rxd1+ 26. Rxd1 Kf6 27. Rb1 Kxe6
28. Rxb6 Nxc6 29. Rxc6+ Rxc6 30. Bxc6 Kd6 31. Bxa4 Kc5 32. Bd1 Kc4 33. f4 Kc3
34. Kf2 Kb2 35. a4 1-0

[Event "4NCL Online Division 6"]
[Site "online"]
[Date "2021.01.26"]
[Round "1.64"]
[White "Townend, A Ron"]
[Black "Austin, Antony"]
[Result "1-0"]
[WhiteElo "117"]
[BlackElo "1340"]
[PlyCount "123"]
[EventDate "2021.01.26"]
[WhiteTeam "War & Piece 2"]
[BlackTeam "Wells Globetrotters"]

1. d4 e6 2. c4 Nf6 3. Nc3 d5 4. Bg5 c5 5. e3 Be7 6. Nf3 Nc6 7. Be2 cxd4 8. Nxd4
O-O 9. O-O e5 10. Nxc6 bxc6 11. Bxf6 Bxf6 12. cxd5 cxd5 13. Nxd5 Bb7 14. Bf3
Rb8 15. Nxf6+ Qxf6 16. Bxb7 Rxb7 17. b3 Rb6 18. Rc1 Qg5 19. Qf3 Rh6 20. Rfd1
Rf6 21. Qg3 Qf5 22. Rc5 h6 23. Rxe5 Qc2 24. Red5 Qxa2 25. R5d3 Qa6 26. h3 Qc6
27. Rd6 Rxd6 28. Qxd6 Qb5 29. Qd3 Qb8 30. Rc1 a5 31. Ra1 Rc8 32. Qb1 Qe5 33.
Qe1 Rc5 34. Rc1 Qc7 35. Rxc5 Qxc5 36. Qd2 Qb6 37. Qc3 g6 38. Kf1 h5 39. Ke1 Kh7
40. h4 Qa7 41. Qc4 Qb7 42. g3 Qh1+ 43. Ke2 Qa1 44. Qxf7+ Kh6 45. Qf4+ Kh7 46.
Qc7+ Kh6 47. Qc2 Qe5 48. f4 Qb5+ 49. Qd3 Qb6 50. Qc4 Qd8 51. e4 Qd7 52. Qd3 Qe8
53. Qd5 Qc8 54. Qd3 Qb8 55. e5 a4 56. bxa4 Qb2+ 57. Qd2 Qb3 58. f5+ Kg7 59. f6+
Kf7 60. Qd7+ Kf8 61. Qe7+ Kg8 62. Qg7# 1-0

[Event "4NCL Online Division 6"]
[Site "online"]
[Date "2021.01.26"]
[Round "1.71"]
[White "Wilson, Matthew R"]
[Black "Habershon, Paul F"]
[Result "0-1"]
[WhiteElo "1891"]
[BlackElo "1948"]
[PlyCount "128"]
[EventDate "2021.01.26"]
[WhiteTeam "Wolfpack 1"]
[BlackTeam "MK Phoenix 3"]

1. e4 Nf6 2. e5 Nd5 3. d4 d6 4. c4 Nb6 5. exd6 exd6 6. Nc3 Be7 7. Bd3 Nc6 8.
Nge2 Bg4 9. Be3 Qd7 10. b3 d5 11. c5 Nc8 12. f3 Bf5 13. O-O Bf6 14. Bb5 O-O 15.
b4 Qe6 16. Bf2 N8e7 17. Nf4 Qd7 18. Ba4 Qd8 19. a3 g5 20. Nh5 Bh8 21. Qd2 h6
22. Bb3 Qd7 23. h4 Bg6 24. Ng3 Bf6 25. Nge2 Rad8 26. hxg5 hxg5 27. g4 Kg7 28.
Be3 Rh8 29. b5 Na5 30. Bxg5 Bxg5 31. Qxg5 Nxb3 32. Rab1 Na5 33. Nf4 c6 34. Nh5+
Kf8 35. Nf6 Qc7 36. f4 Bxb1 37. Rxb1 Ng6 38. Nh5 Qe7 39. Qxe7+ Kxe7 40. f5 Nh4
41. Kf2 Nxf5 42. Re1+ Kf8 43. Nf6 Nxd4 44. Nd1 Nc4 45. bxc6 bxc6 46. Nh5 Re8
47. Rg1 Re2+ 48. Kg3 Ne3 49. Nf2 Rg8 50. Rb1 Nc4 51. Rb8+ Re8 52. Rxe8+ Kxe8
53. Nf6+ Kf8 54. Nxg8 Kxg8 55. Nd3 Nxa3 56. Kf2 Nc4 57. Kg3 Kg7 58. Kf4 Ne6+
59. Kf3 f6 60. Nb4 Nd4+ 61. Kf4 a5 62. Nd3 a4 63. g5 Ne6+ 64. Kg4 fxg5 0-1

[Event "4NCL Online Division 6"]
[Site "online"]
[Date "2021.01.26"]
[Round "1.72"]
[White "Valentine, Brian J"]
[Black "Hayden, Luke"]
[Result "1/2-1/2"]
[WhiteElo "1922"]
[BlackElo "1636"]
[PlyCount "116"]
[EventDate "2021.01.26"]
[WhiteTeam "MK Phoenix 3"]
[BlackTeam "Wolfpack 1"]

1. e4 e5 2. Nf3 Nc6 3. Bb5 Nf6 4. O-O Nxe4 5. Re1 Nd6 6. Ba4 Be7 7. Nxe5 Nxe5
8. Rxe5 O-O 9. d4 Nc4 10. Re1 d5 11. Nd2 Nd6 12. Nf3 c6 13. c3 Bf5 14. Ne5 Re8
15. Qh5 Bf8 16. Bf4 Qb6 17. Bb3 a5 18. Qd1 f6 19. Nf3 Rxe1+ 20. Nxe1 Re8 21.
Nf3 g5 22. Bc1 h5 23. h3 Qc7 24. Be3 Qh7 25. Rc1 Qg6 26. Bc2 Bxc2 27. Qxc2 Qxc2
28. Rxc2 Nf5 29. Re2 Bd6 30. Kf1 a4 31. Bd2 Rxe2 32. Kxe2 Kf7 33. Ne1 b5 34.
Nd3 Ng7 35. f4 g4 36. hxg4 hxg4 37. a3 Ke6 38. g3 Kf5 39. Ke3 Ke6 40. Kf2 Nh5
41. Be1 Kf5 42. Ke3 Be7 43. Nc1 Ng7 44. Nd3 Nh5 45. Nc1 c5 46. Ne2 c4 47. Bf2
Ng7 48. Be1 Ne8 49. Bd2 Nd6 50. Be1 Ne4 51. Nc1 Bd6 52. Ne2 Bc7 53. Nc1 Ke6 54.
Na2 Bd6 55. Nc1 Bf8 56. Na2 Bd6 57. Nc1 Bf8 58. Na2 Bd6 1/2-1/2

[Event "4NCL Online Division 6"]
[Site "online"]
[Date "2021.01.26"]
[Round "1.73"]
[White "Gliddon, Daniel J"]
[Black "Whiteside, Robert"]
[Result "0-1"]
[WhiteElo "1696"]
[BlackElo "1876"]
[PlyCount "48"]
[EventDate "2021.01.26"]
[WhiteTeam "Wolfpack 1"]
[BlackTeam "MK Phoenix 3"]

1. e4 e6 2. d4 d5 3. exd5 exd5 4. Nf3 Bd6 5. c4 Ne7 6. c5 O-O 7. cxd6 Qxd6 8.
Bd3 Nbc6 9. O-O Bf5 10. Nc3 a6 11. Qc2 Nb4 12. Qd1 Bxd3 13. Be3 Bxf1 14. Kxf1
Nf5 15. a3 Nc6 16. Bd2 Ncxd4 17. Nxd4 Nxd4 18. Be3 c5 19. Bxd4 cxd4 20. Qxd4
Qxh2 21. Ke2 Qxg2 22. Nxd5 Rfe8+ 23. Kd3 Rad8 24. Kc4 Re4 0-1

[Event "4NCL Online Division 6"]
[Site "online"]
[Date "2021.01.26"]
[Round "1.74"]
[White "Matthews, Adrian M S"]
[Black "Smith, Mark"]
[Result "0-1"]
[WhiteElo "1883"]
[BlackElo "1607"]
[PlyCount "146"]
[EventDate "2021.01.26"]
[WhiteTeam "MK Phoenix 3"]
[BlackTeam "Wolfpack 1"]

1. e4 d5 2. exd5 Nf6 3. Nc3 Nxd5 4. Bc4 Nb6 5. Bb3 Nc6 6. Nf3 Bf5 7. O-O e6 8.
d4 Be7 9. Bf4 O-O 10. Re1 Bf6 11. Ne4 Bxd4 12. Nxd4 Qxd4 13. Qxd4 Nxd4 14. Bxc7
Rfc8 15. Bxb6 axb6 16. Nd6 Rxc2 17. Bxc2 Nxc2 18. a3 Nxa1 19. Rxa1 Rd8 20. Nxf5
exf5 21. Rc1 g5 22. Kf1 Rd2 23. Rc7 Rxb2 24. Rxb7 Kg7 25. a4 Kg6 26. a5 b5 27.
a6 f4 28. a7 Ra2 29. Rxb5 Rxa7 30. f3 h5 31. Rb6+ f6 32. Rb5 Ra2 33. Rc5 h4 34.
h3 Ra3 35. Rb5 Re3 36. Ra5 Re6 37. Rb5 Rd6 38. Ra5 Kf7 39. Rb5 Ke6 40. Ra5 Rd5
41. Ra6+ Ke5 42. Ra8 Rd6 43. Re8+ Kd4 44. Re4+ Kd5 45. Kf2 Rc6 46. Ke2 Rc4 47.
Re8 Rc6 48. Kd3 Rd6 49. Kc3 Ra6 50. Rd8+ Kc5 51. Rc8+ Kd6 52. Rd8+ Ke5 53. Re8+
Kf5 54. Re2 Ra3+ 55. Kd4 Ra1 56. Kd5 Rd1+ 57. Kc4 Rd6 58. Kc5 Rd3 59. Kc4 Re3
60. Rd2 Ke6 61. Kc5 f5 62. Rd6+ Kf7 63. Rd2 Kg6 64. Rd6+ Kh5 65. Rd8 Re2 66.
Rh8+ Kg6 67. Rg8+ Kh6 68. Kd5 Rxg2 69. Ke6 g4 70. Rh8+ Kg6 71. Rxh4 Re2+ 72.
Kd5 g3 73. Rh7 Kxh7 0-1

[Event "4NCL Online Division 6"]
[Site "online"]
[Date "2021.01.26"]
[Round "1.81"]
[White "Spurr, Michael"]
[Black "Janota, Paul S"]
[Result "1/2-1/2"]
[WhiteElo "1860"]
[BlackElo "1795"]
[PlyCount "68"]
[EventDate "2021.01.26"]
[WhiteTeam "Redbridge All Sorts 2"]
[BlackTeam "Maidenhead 2"]

1. d4 e5 2. dxe5 Nc6 3. Nf3 Qe7 4. e4 Nxe5 5. Nc3 Nf6 6. Bd3 d6 7. h3 Be6 8.
Be3 Nc4 9. Bxc4 Bxc4 10. Qd4 Be6 11. O-O-O c5 12. Qa4+ Bd7 13. Qb3 O-O-O 14.
Rhe1 Be6 15. Qa4 a6 16. Bf4 Qd7 17. Qxd7+ Rxd7 18. Nd5 Nxd5 19. exd5 Bf5 20.
Nh4 Bg6 21. Nxg6 hxg6 22. Re8+ Rd8 23. Rde1 Kd7 24. R8e3 Rh5 25. c4 g5 26. Bg3
f5 27. f4 gxf4 28. Bxf4 g5 29. Bh2 f4 30. Re6 Rh6 31. Kd2 Rxe6 32. Rxe6 Re8 33.
Rxe8 Kxe8 34. Kd3 Kf7 1/2-1/2